Some waiting-time problems in discrete-time queueing processes /
Saved in:
| Main Author: | |
|---|---|
| Format: | Thesis Book |
| Language: | English |
| Published: |
Kuala Lumpur,
1975.
|
| Subjects: | |
| Tags: |
Add Tag
No Tags, Be the first to tag this record!
|
| LEADER | 00771cam a2200241 a 4500 | ||
|---|---|---|---|
| 001 | u149048 | ||
| 003 | SIRSI | ||
| 008 | 920324s1975 my t 00 1 eng m | ||
| 035 | |a AAR-4864 | ||
| 040 | |a UMM | ||
| 090 | |a T57.9 |b Son | ||
| 091 | |a Microfiche 3211 | ||
| 100 | 1 | 0 | |a Son, Tan-sing. |
| 245 | 1 | 0 | |a Some waiting-time problems in discrete-time queueing processes / |c Son Tan-sing. |
| 260 | |a Kuala Lumpur, |c 1975. | ||
| 300 | |a 121 [4] leaves ; |c 28 cm. | ||
| 500 | |a Mimeographed. | ||
| 502 | |a Dissertation (M.Sc.) - Fakulti Sains, Universiti Malaya, 1975. | ||
| 504 | |a Bibliography: p. [122]-[125]. | ||
| 650 | 0 | |a Queuing theory. | |
| 948 | |a 24/03/1992 |b 07/06/2002 | ||
| 596 | |a 1 | ||
| 999 | |a T57.9 SON |w LC |c 1 |i A002662113 |d 14/1/1997 |l STACKS |m P01UTAMA |n 2 |r Y |s Y |t TESIS |u 31/3/1992 | ||
